LIBRARY & INFORMATION CENTRE, KCAET, TAVANUR

ONLINE PUBLIC ACCESS CATALOGUE (OPAC)

Principles of Enviromental Physics: Plants,Animals, and the Atmosphere (Record no. 14553)

MARC details
000 -LEADER
fixed length control field 00374nam a22001457a 4500
020 ## - INTERNATIONAL STANDARD BOOK NUMBER
ISBN 9780123869104
082 ## - DEWEY DECIMAL CLASSIFICATION NUMBER
Classification number 628
Item number MON/PR
100 ## - MAIN ENTRY--AUTHOR NAME
Personal name Monteith,John L.
100 ## - MAIN ENTRY--AUTHOR NAME
Personal name Unsworth,U.A
245 ## - TITLE STATEMENT
Title Principles of Enviromental Physics: Plants,Animals, and the Atmosphere
250 ## - EDITION STATEMENT
Edition statement 4 th
260 ## - PUBLICATION, DISTRIBUTION, ETC. (IMPRINT)
Place of publication Amsterdam
Name of publisher Elsevier
Year of publication 2013
300 ## - PHYSICAL DESCRIPTION
Number of Pages 401
942 ## - ADDED ENTRY ELEMENTS (KOHA)
Koha item type Books
Holdings
Withdrawn status Lost status Damaged status Collection code Home library Current library Shelving location Date acquired Source of acquisition Cost, normal purchase price Full call number Accession Number Koha item type
        KAUAET KAUAET General Stacks 16/07/2016 Southern Book Star, Tvm 6556.72 628 MON/PR 24550 Books
free website counter